Histoire des trois premiers siècles de l'Eglise chrétienne / (Record no. 162554)

MARC details
000 -LEADER
campo de control de longitud fija 00872nam a22001935i 4500
001 - NÚMERO DE CONTROL
campo de control 162554
003 - IDENTIFICADOR DE NÚMERO DE CONTROL
campo de control ES-MaACL
005 - FECHA Y HORA DE LA ÚLTIMA TRANSACCIÓN
campo de control 20250814235606.0
008 - DATOS DE LONGITUD FIJA--INFORMACIÓN GENERAL
campo de control de longitud fija 041119m18581861fr |||| | fre d
040 ## - FUENTE DE CATALOGACIÓN
Centro catalogador/agencia de origen CAM
Lengua de catalogación spa
Centro/agencia transcriptor CAM
100 1# - ENTRADA PRINCIPAL--NOMBRE DE PERSONA
Nombre de persona Pressensé, Edmonde de.
9 (RLIN) 131356
245 10 - MENCIÓN DEL TÍTULO
Título Histoire des trois premiers siècles de l'Eglise chrétienne /
Mención de responsabilidad, etc. par E. de Pressensé.
260 ## - PUBLICACIÓN, DISTRIBUCIÓN, ETC.
Lugar de publicación, distribución, etc. Paris :
Nombre del editor, distribuidor, etc. Librairie de Ch. Meyrueis et C., éditeurs,
Fecha de publicación, distribución, etc. 1858-1861.
300 ## - DESCRIPCIÓN FÍSICA
Extensión v. ;
Dimensiones 23 cm.
505 8# - NOTA DE CONTENIDO CON FORMATO
Nota de contenido con formato Contiene : T.I-II. Première siècle, 1858 (XV, 496 ; 520 p.) -- Deuxième série : T. I-II. La grande lutte du christianisme contre le paganisme. Les martyrs et les apologistes, 1861 (VII, 513 ; 538, [2] p.)
650 00 - PUNTO DE ACCESO ADICIONAL DE MATERIA--TÉRMINO DE MATERIA
Término de materia o nombre geográfico como elemento de entrada Historia eclesiástica-
Subdivisión cronológica S.III
9 (RLIN) 141193
852 ## - LOCALIZACIÓN
Ubicación ES-MaACL
Número de control de estantería G-12091-12094
Nota libre -- Enc. hol.
condición física -- Sólo los 4 vol. primeros
Holdings
Estatus retirado Estado de pérdida Estado de daño No para préstamo Colección Biblioteca de origen Biblioteca actual Ubicación en estantería Fecha de adquisición Fuente de adquisición Total de préstamos Signatura topográfica completa Código de barras Visto por última vez Precio de reemplazo Tipo de ítem Koha
        Libros del s. XIX Biblioteca del Ateneo de Madrid Biblioteca del Ateneo de Madrid Sala Pecera Planta 3 17/01/2008     G-12091-12094 1170296 23/02/2023 23/02/2023 Libro impreso antiguo